000 00300nam a22001337a 4500
008 170630b xxu||||| |||| 00| 0 eng d
020 _a9780395931820
041 _aeng
080 _a82
100 _a22
101 _aGJL
245 _aTHE LANGUAGE OF LITERATURE
_cAPPLEBE.A.N
942 _2udc
_cBK
999 _c19773
_d19773